[Event "LSS WC-2012-T-00005"]
[Site "LSS email"]
[Date "2010.12.19"]
[Round "?"]
[White "Bonatti, Walter Fabian"]
[Black "Buczinski, Henryk"]
[Result "1-0"]
[WhiteElo "2414"]
[BlackElo "2200"]
[PlyCount "97"]
[EventDate "2010.12.18"]
[EventType "tourn (corr)"]
[EventRounds "10"]
[EventCountry "GER"]
[SourceTitle "Telechess CBM 153"]
[Source "ChessBase"]
[SourceDate "2013.03.14"]
[SourceVersion "1"]
[SourceVersionDate "2013.03.14"]
[SourceQuality "1"]

1. e4 c6 2. d4 d5 3. exd5 cxd5 4. c4 Nf6 5. Nc3 e6 6. Nf3 Bb4 7. cxd5 Nxd5 8. Bd2 Nc6 9. Bd3 0-0 10. 0-0 Be7 11. Qe2 Nf6 12. Ne4 Qb6 13. a3 Bd7 14. Be3 Nd5 15. b4 a6 16. Nc5 Rfd8 17. Rac1 Be8 18. Bb1 Qa7 19. Qd3 g6 20. Ba2 a5 21. Nxe6 fxe6 22. b5 Ncb4 23. axb4 axb4 24. Bc4 Rdc8 25. Bd2 Bf6 26. Rfe1 Qb6 27. Qe4 Rc7 28. h4 Rac8 29. Bb3 Rxc1 30. Bxc1 Bf7 31. Bg5 Kg7 32. Ne5 Rc3 33. Bc4 Qc7 34. Bxd5 Bxg5 35. hxg5 exd5 36. Qf4 Qe7 37. Nd3 Qd8 38. Nc5 b6 39. Nb7 Qc7 40. Nd6 Kg8 41. g3 Rd3 42. Kg2 Rxd4 43. Qf6 Re4 44. Ra1 Re8 45. Nxe8 Bxe8 46. Ra8 Qd7 47. Qxb6 d4 48. Qb8 Kf7 49. b6 1-0

[Event "LSS WC-2012-T-00005"]
[Site "LSS email"]
[Date "2010.12.19"]
[Round "?"]
[White "Bonatti, Walter Fabian"]
[Black "Szabo, Eleonora"]
[Result "1-0"]
[WhiteElo "2414"]
[BlackElo "2354"]
[PlyCount "36"]
[EventDate "2010.12.18"]
[EventType "tourn (corr)"]
[EventRounds "10"]
[EventCountry "GER"]
[SourceTitle "Telechess CBM 153"]
[Source "ChessBase"]
[SourceDate "2013.03.14"]
[SourceVersion "1"]
[SourceVersionDate "2013.03.14"]
[SourceQuality "1"]

1. e4 c6 2. d4 d5 3. exd5 cxd5 4. c4 Nf6 5. Nc3 e6 6. Nf3 Be7 7. cxd5 Nxd5 8. Bd3 Nc6 9. 0-0 0-0 10. Re1 Bf6 11. Be4 Nce7 12. Ne5 Bd7 13. Qd3 h6 14. Qg3 Bc6 15. Qg4 Bxe5 16. dxe5 Kh8 17. Bc2 Ng6 18. Bxg6 fxg6 1-0

[Event "LSS WC-2008-F-00001"]
[Site "LSS email"]
[Date "2008.11.12"]
[Round "?"]
[White "Bonatti, Walter Fabian"]
[Black "Hellbing, Bernd"]
[Result "1/2-1/2"]
[WhiteElo "2424"]
[BlackElo "2510"]
[PlyCount "55"]
[EventDate "2008.11.12"]
[EventType "tourn (corr)"]
[EventRounds "10"]
[EventCountry "GER"]
[SourceTitle "Corr 2011"]
[Source "ChessBase"]
[SourceDate "2010.08.31"]
[SourceVersion "1"]
[SourceVersionDate "2010.08.31"]
[SourceQuality "1"]

1. e4 c5 2. Nf3 d6 3. d4 cxd4 4. Nxd4 Nf6 5. Nc3 a6 6. Be3 e5 7. Nf3 Be7 8. Bc4 0-0 9. 0-0 Be6 10. Bb3 Qc7 11. Qe2 Rc8 12. Rfd1 b5 13. a3 Nbd7 14. Bg5 Rab8 15. Nh4 Nc5 16. Nf5 Nxb3 17. cxb3 Bxb3 18. Bxf6 Bxf6 19. Rxd6 Rb6 20. Nd5 Qc1+ 21. Rxc1 Rxc1+ 22. Qf1 Rxf1+ 23. Kxf1 Rxd6 24. Nxd6 Bg5 25. Nb4 Be7 26. Nb7 Bxb4 27. axb4 Be6 28. Nc5 1/2-1/2

[Event "LSS WC-2008-F-00001"]
[Site "LSS email"]
[Date "2008.11.12"]
[Round "?"]
[White "Bonatti, Walter Fabian"]
[Black "Petrov, Milen Stoyanov"]
[Result "1/2-1/2"]
[WhiteElo "2424"]
[BlackElo "2645"]
[PlyCount "49"]
[EventDate "2008.11.12"]
[EventType "tourn (corr)"]
[EventRounds "10"]
[EventCountry "GER"]
[SourceTitle "Corr 2011"]
[Source "ChessBase"]
[SourceDate "2010.08.31"]
[SourceVersion "1"]
[SourceVersionDate "2010.08.31"]
[SourceQuality "1"]

1. e4 c5 2. Nf3 d6 3. d4 cxd4 4. Nxd4 Nf6 5. Nc3 Nc6 6. Bg5 e6 7. Qd2 a6 8. 0-0-0 Bd7 9. f3 Be7 10. Be3 b5 11. g4 Nxd4 12. Bxd4 b4 13. Ne2 e5 14. Be3 Qa5 15. Kb1 Be6 16. Nc1 0-0 17. g5 Nh5 18. Qf2 Rac8 19. h4 f5 20. Bh3 g6 21. f4 Qb5 22. fxe5 dxe5 23. exf5 Bxf5 24. Bxf5 Rxf5 25. Qg2 1/2-1/2

[Event "LSS WC-2008-F-00001"]
[Site "LSS email"]
[Date "2008.11.12"]
[Round "?"]
[White "Rocca, Horacio Daniel"]
[Black "Bonatti, Walter Fabian"]
[Result "1/2-1/2"]
[WhiteElo "2445"]
[BlackElo "2424"]
[PlyCount "47"]
[EventDate "2008.11.12"]
[EventType "tourn (corr)"]
[EventRounds "10"]
[EventCountry "GER"]
[SourceTitle "Corr 2011"]
[Source "ChessBase"]
[SourceDate "2010.08.31"]
[SourceVersion "1"]
[SourceVersionDate "2010.08.31"]
[SourceQuality "1"]

1. e4 e6 2. d4 d5 3. Nc3 Nf6 4. Bg5 Bb4 5. e5 h6 6. Bd2 Bxc3 7. bxc3 Ne4 8. Qg4 g6 9. Bd3 Nxd2 10. Kxd2 c5 11. h4 Qa5 12. Nf3 Nc6 13. Qf4 cxd4 14. Nxd4 Nxd4 15. Qxd4 Bd7 16. h5 g5 17. Rab1 0-0-0 18. Rb4 Bc6 19. Rhb1 Rd7 20. a4 Kb8 21. Ke1 Rg8 22. f3 Ka8 23. Kf2 Rc8 24. g3 1/2-1/2

[Event "LSS WC-2008-F-00001"]
[Site "LSS email"]
[Date "2008.11.12"]
[Round "?"]
[White "Schneider, Peter"]
[Black "Bonatti, Walter Fabian"]
[Result "1/2-1/2"]
[WhiteElo "2405"]
[BlackElo "2425"]
[PlyCount "88"]
[EventDate "2008.11.12"]
[EventType "tourn (corr)"]
[EventRounds "10"]
[EventCountry "GER"]
[SourceTitle "Corr 2011"]
[Source "ChessBase"]
[SourceDate "2010.08.31"]
[SourceVersion "1"]
[SourceVersionDate "2010.08.31"]
[SourceQuality "1"]

1. d4 e6 2. e4 d5 3. Nc3 Nf6 4. Bg5 Bb4 5. e5 h6 6. Be3 Ne4 7. Qg4 Kf8 8. a3 Bxc3+ 9. bxc3 c5 10. Bd3 Nxc3 11. dxc5 Nc6 12. Nf3 f5 13. exf6 Qxf6 14. Qh5 e5 15. Bg6 Be6 16. Bg5 Bg4 17. Bxf6 Bxh5 18. Bxe5 Bxg6 19. Bxc3 Bxc2 20. Kd2 Be4 21. Nd4 Nxd4 22. Bxd4 Kf7 23. Rhe1 Rhe8 24. Rac1 Bf5 25. Rxe8 Rxe8 26. c6 bxc6 27. Rxc6 Re6 28. Rc7+ Re7 29. Rxe7+ Kxe7 30. Bxg7 h5 31. Ke3 Kf7 32. Bd4 a5 33. Kf4 Kg6 34. f3 Bd3 35. g4 hxg4 36. fxg4 a4 37. h4 Be2 38. h5+ Kf7 39. Kg5 Ke6 40. Kh4 Bb5 41. Ba1 d4 42. Kg5 d3 43. Bc3 d2 44. Bxd2 Be2 1/2-1/2

[Event "IECG WC.2005.F.00001 email"]
[Site "IECG email"]
[Date "2006.06.05"]
[Round "?"]
[White "Bonatti, Walter Fabian"]
[Black "Hotting, Arend"]
[Result "1-0"]
[WhiteElo "2395"]
[BlackElo "2476"]
[PlyCount "38"]
[EventDate "2006.06.05"]
[EventType "tourn (corr)"]
[EventRounds "14"]
[SourceTitle "Corr 2008"]
[Source "ChessBase"]
[SourceDate "2008.06.24"]
[SourceVersion "1"]
[SourceVersionDate "2008.06.24"]
[SourceQuality "1"]

1. e4 c5 2. Nf3 d6 3. d4 cxd4 4. Nxd4 Nf6 5. Nc3 a6 6. Be3 e6 7. f3 b5 8. Qd2 Nbd7 9. g4 h6 10. 0-0-0 Bb7 11. h4 b4 12. Na4 Qa5 13. b3 Nc5 14. a3 Nxa4 15. axb4 Qc7 16. bxa4 d5 17. e5 Nd7 18. f4 Nb6 19. Rh3 Nxa4 1-0

[Event "LSS WC-2005-F-00001"]
[Site "LSS email"]
[Date "2006.06.05"]
[Round "?"]
[White "Bonatti, Walter Fabian"]
[Black "Kasperek, Ryszard"]
[Result "1-0"]
[WhiteElo "2408"]
[BlackElo "2361"]
[PlyCount "25"]
[EventDate "2006.06.05"]
[EventType "tourn (corr)"]
[EventRounds "10"]
[EventCountry "GER"]
[SourceTitle "Corr 2015"]
[Source "ChessBase"]
[SourceDate "2015.07.17"]
[SourceVersion "1"]
[SourceVersionDate "2015.07.17"]
[SourceQuality "1"]

1. e4 c5 2. Nf3 d6 3. d4 cxd4 4. Nxd4 Nf6 5. Nc3 a6 6. Be3 e5 7. Nb3 Be6 8. f3 Be7 9. Qd2 0-0 10. 0-0-0 a5 11. Bb5 Na6 12. Qe2 Qb8 13. g4 1-0

[Event "IECG WC.2005.F.00001"]
[Site "IECG email"]
[Date "2006.06.05"]
[Round "?"]
[White "Bonatti, Walter Fabian"]
[Black "Wilczek, Tadeusz"]
[Result "1/2-1/2"]
[WhiteElo "2395"]
[BlackElo "2678"]
[PlyCount "57"]
[EventDate "2006.06.05"]
[EventType "tourn (corr)"]
[EventRounds "6"]
[SourceTitle "Telechess CBM 151"]
[Source "ChessBase"]
[SourceDate "2012.11.13"]
[SourceVersion "1"]
[SourceVersionDate "2012.11.13"]
[SourceQuality "1"]

1. e4 c5 2. Nf3 d6 3. d4 cxd4 4. Nxd4 Nf6 5. Nc3 a6 6. Be3 Ng4 7. Bg5 h6 8. Bh4 g5 9. Bg3 Bg7 10. h3 Ne5 11. Nf5 Bxf5 12. exf5 Nbc6 13. Nd5 e6 14. fxe6 fxe6 15. Ne3 0-0 16. Be2 d5 17. 0-0 Ng6 18. c4 d4 19. Nc2 Qe7 20. Qd3 Nf4 21. Bxf4 Rxf4 22. g3 Ne5 23. Qb3 d3 24. gxf4 dxe2 25. fxe5 exf1Q+ 26. Rxf1 Bxe5 27. Re1 Bg7 28. Qb6 Re8 29. Re4 1/2-1/2

[Event "IECG WC.2005.F.00001 email"]
[Site "IECG email"]
[Date "2006.06.05"]
[Round "?"]
[White "Schrancz, Istvan"]
[Black "Bonatti, Walter Fabian"]
[Result "1/2-1/2"]
[WhiteElo "2452"]
[BlackElo "2395"]
[PlyCount "61"]
[EventDate "2006.06.05"]
[EventType "tourn (corr)"]
[EventRounds "14"]
[SourceTitle "Corr 2008"]
[Source "ChessBase"]
[SourceDate "2008.06.24"]
[SourceVersion "1"]
[SourceVersionDate "2008.06.24"]
[SourceQuality "1"]

1. d4 e6 2. e4 d5 3. e5 c5 4. c3 Nc6 5. Nf3 Bd7 6. Be2 Nge7 7. Na3 cxd4 8. cxd4 Nf5 9. Nc2 Qb6 10. 0-0 Na5 11. g4 Ne7 12. Nfe1 Bb5 13. Nd3 h5 14. b4 Nac6 15. a4 Bc4 16. a5 Qc7 17. gxh5 Bb3 18. Be3 Nxd4 19. Nxd4 Bxd1 20. Bxd1 Nc6 21. Ba4 a6 22. Rfc1 Kd7 23. b5 axb5 24. Bxb5 Rxa5 25. Nxc6 Rxb5 26. Na7 Qxc1+ 27. Nxc1 Rb4 28. Nd3 Rb3 29. Nc1 Rb4 30. Nd3 Rb3 31. Nc1 1/2-1/2

[Event "IECG WC.2006.T.00002 email"]
[Site "IECG email"]
[Date "2006.02.07"]
[Round "?"]
[White "Bonatti, Walter Fabian"]
[Black "Bergmann, Michael"]
[Result "1/2-1/2"]
[WhiteElo "2379"]
[BlackElo "2447"]
[PlyCount "80"]
[EventDate "2006.02.07"]
[EventType "tourn (corr)"]
[EventRounds "6"]
[SourceTitle "Corr 2008"]
[Source "ChessBase"]
[SourceDate "2008.06.24"]
[SourceVersion "1"]
[SourceVersionDate "2008.06.24"]
[SourceQuality "1"]

1. e4 c5 2. Nf3 d6 3. d4 cxd4 4. Nxd4 Nf6 5. Nc3 a6 6. Be3 Ng4 7. Bg5 h6 8. Bh4 g5 9. Bg3 Bg7 10. h3 Nf6 11. Be2 Qb6 12. Nb3 Nc6 13. f3 Be6 14. Nd5 Bxd5 15. exd5 Ne5 16. Qd2 Nh5 17. Bf2 Qc7 18. h4 Nf4 19. 0-0-0 b5 20. Bd4 Rc8 21. c3 Qd7 22. g3 Nxe2+ 23. Qxe2 Qf5 24. hxg5 hxg5 25. g4 Qf4+ 26. Kb1 Rh4 27. Nd2 Kd7 28. Bf2 Rh2 29. Rxh2 Qxh2 30. a3 f5 31. gxf5 Qh3 32. Bd4 Qxf5+ 33. Ne4 Rf8 34. a4 Qxf3 35. Qxf3 Rxf3 36. axb5 axb5 37. Nxg5 Rf5 38. Ne6 Bf6 39. Bxe5 Rxe5 40. Kc2 Kc8 1/2-1/2

[Event "IECG WC.2005.T.00002 email"]
[Site "IECG email"]
[Date "2004.12.15"]
[Round "?"]
[White "Bonatti, Walter Fabian"]
[Black "Diaz, Sergio Moreira"]
[Result "1-0"]
[WhiteElo "2344"]
[BlackElo "2416"]
[PlyCount "81"]
[EventDate "2004.12.15"]
[EventType "tourn (corr)"]
[EventRounds "10"]
[SourceTitle "Corr 2008"]
[Source "ChessBase"]
[SourceDate "2008.06.24"]
[SourceVersion "1"]
[SourceVersionDate "2008.06.24"]
[SourceQuality "1"]

1. e4 c5 2. Nf3 d6 3. d4 cxd4 4. Nxd4 Nf6 5. Nc3 a6 6. Be3 Ng4 7. Bg5 h6 8. Bh4 g5 9. Bg3 Bg7 10. h3 Ne5 11. Nf5 Bxf5 12. exf5 Nbd7 13. Be2 Nc6 14. Nd5 Bxb2 15. Rb1 Bd4 16. 0-0 Rb8 17. c3 Bg7 18. f4 0-0 19. fxg5 hxg5 20. h4 Nce5 21. Bxe5 Nxe5 22. Qd2 gxh4 23. Qg5 Re8 24. Rb4 Rc8 25. Rxh4 Rc5 26. Rh3 Rxd5 27. Rg3 Ng6 28. Bc4 e6 29. Qxd8 Rxd8 30. fxe6 fxe6 31. Bxd5 exd5 32. Rxg6 Kh7 33. Rg4 Rd7 34. Rf3 b5 35. Kf2 Rc7 36. Rh3+ Kg8 37. Rhg3 Kf8 38. Rxg7 Rxg7 39. Rxg7 Kxg7 40. Ke3 Kf6 41. Kd4 1-0

[Event "IECG WC.2005.T.00002 email"]
[Site "IECG email"]
[Date "2004.12.15"]
[Round "?"]
[White "Dyakov, Alexander V"]
[Black "Bonatti, Walter Fabian"]
[Result "1/2-1/2"]
[WhiteElo "2268"]
[BlackElo "2344"]
[PlyCount "44"]
[EventDate "2004.12.15"]
[EventType "tourn (corr)"]
[EventRounds "10"]
[SourceTitle "Corr 2008"]
[Source "ChessBase"]
[SourceDate "2008.06.24"]
[SourceVersion "1"]
[SourceVersionDate "2008.06.24"]
[SourceQuality "1"]

1. e4 c5 2. Nf3 Nc6 3. d4 cxd4 4. Nxd4 g6 5. c4 Nf6 6. Nc3 d6 7. Be2 Nxd4 8. Qxd4 Bg7 9. Bg5 0-0 10. Qd2 Be6 11. 0-0 a6 12. Rac1 Qa5 13. b3 b5 14. cxb5 axb5 15. Bxb5 Rfc8 16. Qd3 Rxc3 17. Rxc3 Nxe4 18. Qxe4 Bxc3 19. a4 Bxb3 20. Qxe7 Bxa4 21. Bxa4 Qxa4 22. Qxd6 Qd4 1/2-1/2

[Event "IECG WC.2006.S.00002 email"]
[Site "IECG email"]
[Date "2004.07.18"]
[Round "?"]
[White "Hrvacic, Pavle"]
[Black "Bonatti, Walter Fabian"]
[Result "0-1"]
[WhiteElo "2231"]
[BlackElo "2344"]
[PlyCount "118"]
[EventDate "2004.07.18"]
[EventType "tourn (corr)"]
[EventRounds "10"]
[SourceTitle "Corr 2008"]
[Source "ChessBase"]
[SourceDate "2008.06.24"]
[SourceVersion "1"]
[SourceVersionDate "2008.06.24"]
[SourceQuality "1"]

1. e4 c5 2. c3 Nf6 3. e5 Nd5 4. d4 cxd4 5. Nf3 Nc6 6. Bc4 Nb6 7. Bb3 d5 8. exd6 Qxd6 9. 0-0 Be6 10. Bxe6 Qxe6 11. Nxd4 Nxd4 12. Qxd4 Rd8 13. Qh4 Qe2 14. Bd2 e6 15. Re1 Qc4 16. Qh5 Qd5 17. Qxd5 Rxd5 18. b3 Be7 19. c4 Rd3 20. Bc3 0-0 21. Kf1 Rfd8 22. Ke2 Nc8 23. Rc1 Bg5 24. Rc2 Ne7 25. Na3 Nc6 26. Re1 a5 27. Nb5 Nb4 28. Rb2 R3d7 29. Ra1 b6 30. Bxb4 axb4 31. Rc2 h5 32. a4 Kh7 33. Raa2 Kg6 34. g3 Rd3 35. Rab2 Rd1 36. h4 Be7 37. Rd2 R8xd2+ 38. Rxd2 Rb1 39. Rd3 Rb2+ 40. Ke1 Bc5 41. f4 Kf5 42. Nd6+ Bxd6 43. Rxd6 Rxb3 44. Rxb6 Rxg3 45. Rxb4 Kxf4 46. c5+ Ke5 47. Rb7 f5 48. a5 Kd5 49. a6 Kxc5 50. Kf2 Ra3 51. Rxg7 Rxa6 52. Rg5 Kd5 53. Rxh5 Ke4 54. Rh6 Ra2+ 55. Kg1 e5 56. Re6 Kf4 57. h5 e4 58. h6 Ra7 59. Rg6 e3 0-1

[Event "IECG WC.2006.S.00002 email"]
[Site "IECG email"]
[Date "2004.07.18"]
[Round "?"]
[White "Schuster, Peter"]
[Black "Bonatti, Walter Fabian"]
[Result "1/2-1/2"]
[WhiteElo "2525"]
[BlackElo "2344"]
[PlyCount "76"]
[EventDate "2004.07.18"]
[EventType "tourn (corr)"]
[EventRounds "10"]
[SourceTitle "Corr 2008"]
[Source "ChessBase"]
[SourceDate "2008.06.24"]
[SourceVersion "1"]
[SourceVersionDate "2008.06.24"]
[SourceQuality "1"]

1. d4 e6 2. e4 d5 3. Nc3 Nf6 4. Bg5 Bb4 5. e5 h6 6. Bd2 Bxc3 7. bxc3 Ne4 8. Qg4 g6 9. Bc1 c5 10. Bd3 Nxc3 11. dxc5 Qa5 12. Bd2 Qa4 13. h3 Ne4 14. Ne2 Nxc5 15. Qf3 Nc6 16. 0-0 Qh4 17. Bf4 Bd7 18. Rac1 Nxd3 19. cxd3 Rc8 20. Qe3 Kf8 21. Qd2 Kg7 22. Rc3 b6 23. Rfc1 Qd8 24. R1c2 b5 25. Be3 b4 26. Rc5 a5 27. Qc1 a4 28. Rxc6 Bxc6 29. Rxc6 Rxc6 30. Qxc6 Qa8 31. Qd7 b3 32. Nd4 Qe8 33. Qxe8 Rxe8 34. axb3 a3 35. Nc2 a2 36. d4 f6 37. exf6+ Kxf6 38. Kf1 Rc8 1/2-1/2

[Event "Kosenkov mem corr"]
[Site "Russia"]
[Date "2002.??.??"]
[Round "?"]
[White "Arzumanyan, Sergey Tatievosovic"]
[Black "Bonatti, Walter Fabian"]
[Result "1/2-1/2"]
[WhiteElo "2315"]
[BlackElo "2492"]
[PlyCount "40"]
[EventDate "1998.??.??"]
[EventType "tourn (corr)"]
[EventRounds "14"]
[EventCountry "RUS"]
[EventCategory "10"]
[SourceTitle "Corr 2011"]
[Source "ChessBase"]
[SourceDate "2010.08.31"]
[SourceVersion "1"]
[SourceVersionDate "2010.08.31"]
[SourceQuality "1"]

1. e4 c5 2. Nf3 Nc6 3. d4 cxd4 4. Nxd4 g6 5. c4 Nf6 6. Nc3 d6 7. Be2 Nxd4 8. Qxd4 Bg7 9. Be3 0-0 10. Qd2 Be6 11. 0-0 Qa5 12. Rab1 Rfc8 13. b3 a6 14. Rfc1 Qb4 15. f3 b5 16. cxb5 axb5 17. Nxb5 Qxd2 18. Bxd2 Rxc1+ 19. Bxc1 Rxa2 20. Bd3 Nd7 1/2-1/2

[Event "Kosenkov mem corr"]
[Site "Russia"]
[Date "2002.??.??"]
[Round "?"]
[White "Matyukhin, Sergey Konstantinov"]
[Black "Bonatti, Walter Fabian"]
[Result "1/2-1/2"]
[WhiteElo "2519"]
[BlackElo "2492"]
[PlyCount "53"]
[EventDate "1998.??.??"]
[EventType "tourn (corr)"]
[EventRounds "14"]
[EventCountry "RUS"]
[EventCategory "10"]
[SourceTitle "Corr 2011"]
[Source "ChessBase"]
[SourceDate "2010.08.31"]
[SourceVersion "1"]
[SourceVersionDate "2010.08.31"]
[SourceQuality "1"]

1. e4 e6 2. d4 d5 3. Nc3 Nf6 4. e5 Nfd7 5. f4 c5 6. Nf3 Nc6 7. Be3 a6 8. Qd2 b5 9. dxc5 Bxc5 10. Bxc5 Nxc5 11. Qf2 Qb6 12. Bd3 b4 13. Ne2 a5 14. 0-0 Ba6 15. Kh1 Bxd3 16. cxd3 Rb8 17. Rad1 Na4 18. Qxb6 Rxb6 19. b3 Nc3 20. Rd2 Nxe2 21. Rxe2 Kd7 22. Rc2 Ne7 23. Rc5 Ra8 24. Rfc1 Rc6 25. Nd4 Rxc5 26. Rxc5 Rc8 27. Rxc8 1/2-1/2